| 000 | 00741cab a22001935a 4500 | ||
|---|---|---|---|
| 001 | L155062 | ||
| 008 | 120223e20120218xxk 000 0 eng d | ||
| 035 | _a(Sirsi) u155062 | ||
| 041 | 0 | _aeng | |
| 100 | 1 | _aGreatholder, Paul | |
| 245 | 0 | 0 | _aWhat's the damage? |
| 260 | _c2012 | ||
| 490 |
_aEstates Gazette _v18 February 2012, 86-87(2) |
||
| 520 | _aLiability of a property owner for damage caused by others on its property. Advises that a landowner has a general duty of care to neighbours but will not generally be liable for the acts of a third party on the land unless there are special reasons for displacing that general rule. | ||
| 590 | _aKA | ||
| 651 | 4 |
_aUnited Kingdom _y |
|
| 690 |
_aProperty management _96262 |
||
| 942 | _n0 | ||
| 999 |
_c83800 _d83800 |
||